Представление документа в формате RUSMARC

ПолеНазваниеЗначение
  Тип записи a
  Библиографический уровень m
001 Контрольный номер RU/УОНБ/EK/532430490
005 Дата корректировки 20240131005800.4
010 Индекс ISBN __
a ISBN 978-5-9616-0505-1
d Цена 150 р.
9 Тираж 150 экз.
100 Данные общей обработки __
a Данные общей обработки 20161114d2015 u y0rusy0189||||ca
101 Язык документа 0_
a Язык текста rus
102 Страна публикации __
a Страна публикации RU
105 Кодированные данные (монография) __
a Кодированные данные (монография) a z 000yb
200 Заглавие и сведения об ответственности 1_
a Заглавие Уильям Шекспир - личность и творчество: современное прочтение
f Первые сведения об ответственности [К.А. Врыганова и др.]
210 Выходные данные 1_
a Место издания Иваново
c Издательство [Иванов. гос. хим-технол. ун-т]
d Дата издания 2015
215 Физическое описание __
a Объем 248 с.
c Иллюстрации/тип воспроизводства ил.
d Формат 24 см
300 Общие примечания __
a Общие примечания У. Шекспиру - в год литературы
300 Общие примечания __
a Общие примечания Текст рус., англ.
320 Библиография __
a Библиография Библиогр.: с. 209-222
606 Тематические рубрики 0_
a Основная рубрика Английская литература
z Хронологическая подрубрика 16-17 вв.
606 Тематические рубрики 0_
a Основная рубрика Английский язык
610 Ключевые слова 0_
a Ключевые слова Шекспир У.
610 Ключевые слова 0_
a Ключевые слова язык писателей
610 Ключевые слова 0_
a Ключевые слова литература английская
686 Индексы других классификаций __
a Классификационный индекс 83.3(4Вел)4-8
2 Код системы rubbk
686 Индексы других классификаций __
a Классификационный индекс 81.431
2 Код системы rubbk
701 Альтернативная интеллектуальная ответственность _1
a Фамилия Врыганова
b Имя (инициалы) К.А.
701 Альтернативная интеллектуальная ответственность _1
a Фамилия Иванова
b Имя (инициалы) Н.К.
701 Альтернативная интеллектуальная ответственность _1
a Фамилия Кузьмина
b Имя (инициалы) Р.В.
701 Альтернативная интеллектуальная ответственность _1
a Фамилия Смирнов-Рыжалов
b Имя (инициалы) В.А.
801 Источник записи _0
a Страна RU
b Организация Ульяновская ОНБ
c Дата составления 20161114
g Правила каталогизации RCR
801 Источник записи _1
a Страна RU
b Организация Ульяновская ОНБ
c Дата составления 20161114
g Правила каталогизации RCR
901 Тип документа __
t Тип документа m
909 Создатель записи __
a Создатель записи Мейснер
b Дата создания записи 20170124
938 Служебная информация __
a Имя БД books
b Имя библиотеки УОНБ
c Имя АИБС МАРК-SQL
d Номер DOC_ID в БД 326757